000 01017cam a2200277 a 4500
001 1181
005 20250210113127.0
020 _a9780439372978
040 _aDLC
_cDLC
_dDLC
_beng
050 0 0 _aPZ7.B2128
_bCh 2004
082 0 0 _aFic
_221
100 1 _aBalliett, Blue,
_d1955-
245 1 0 _aChasing Vermeer /
_cby Blue Balliett ; illustrated by Brett Helquist.
250 _aFirst paperback edition, May 2005
260 _aNew York :
_bScholastic Press,
_c2004.
300 _a254 pages :
_bIllustrations, map ;
_c20 cm
505 _aR
520 _aWhen strange and seemingly unrelated events start to happen and a precious Vermeer painting disappears, eleven-year-olds Petra and Calder combine their talents to solve an international art scandal.
521 _a770
_bLexile
521 _aR
_bRaz-Plus
650 1 _aArt
_vFiction.
650 1 _aMystery and detective stories.
700 1 _aHelquist, Brett
_eIllustrator
906 _a7
_bcbc
_corignew
_d1
_eecip
_f20
_gy-gencatlg
942 _2ddc
_cBK
_n0
999 _c1181
_d1181